000 00416cam a2200181ua 4500
020 _c3.00
041 _ahin
_h
082 _a891.54
_bPRE/GA
100 _aPremchand, .
245 _aGalp-samuchay /
_cPremchand.
_hTextual Documents
250 _a5 /
_b.
260 _aIlahabad :
_bHans Prakashan ,
_c1960.
300 _a157 ; .
365 _a3.00
504 _a
942 _cBK
999 _c8393
_d8393